Catalog

Record Details

Catalog Search



The five love languages : how to express heartfelt commitment to your mate  Cover Image Book Book

The five love languages : how to express heartfelt commitment to your mate / Gary Chapman

Record details

  • ISBN: 1881273156 (brož.)
  • Physical Description: 204 p. ; 23 cm
  • Edition: [New ed.]
  • Publisher: Chicago : Northfield Pub., c1995

Available copies

  • 1 of 1 copy available at Common Catalog SPOK.

Holds

  • 0 current holds with 1 total copy.
Show All Copies
Location Call Number / Copy Notes Barcode Shelving Location Status Due Date
Jabok Library Psy-6.1.6/CH 424480036793 Odborná literatura Available -

LDR 01015cam a2200325 a 4500
00123586
003CZ-PrJAB
00520160211090109.0
007ta
008951030s1995 ilu 000 0 eng
010 . ‡a 95219572
020 . ‡a1881273156 (brož.)
035 . ‡a(DLC) 95219572
040 . ‡aDLC ‡beng ‡cDLC ‡dDLC ‡dABG312
072 7. ‡a316.4/.7 ‡xSociální interakce ‡2Konspekt ‡918
1001 . ‡aChapman, Gary D., ‡d1938- ‡7xx0001651 ‡4aut ‡0(CZ-PrJAB)17956
24514. ‡aThe five love languages : ‡bhow to express heartfelt commitment to your mate / ‡cGary Chapman
250 . ‡a[New ed.]
260 . ‡aChicago : ‡bNorthfield Pub., ‡cc1995
300 . ‡a204 p. ; ‡c23 cm
6530 . ‡amanželství ‡aláska ‡akomunikace v manželství
910 . ‡aABG312
901 . ‡a23586 ‡b ‡c23586 ‡tbiblio

Additional Resources